| 000 | 00425nam a2200181Ia 4500 | ||
|---|---|---|---|
| 005 | 20240823022639.0 | ||
| 008 | 240823s9999||||xx |||||||||||||| ||und|| | ||
| 041 | _aENGLISH | ||
| 082 | _A297.122 K5 | ||
| 100 | _aAbdul kalam Azad | ||
| 245 | 4 | _aThe Tarjuman al-Qur an | |
| 250 | _a1st | ||
| 260 |
_c1965 _b"Asia,Bombay" |
||
| 500 | _aTRANSFERED | ||
| 650 |
_aGeneral Studies _bGeneral |
||
| 942 | _cBK | ||
| 999 |
_c179670 _d179670 |
||